000
00319nam a22001457a 4500
008
211020b ||||| |||| 00| 0 eng d
020
_a
9780321691224
041
_a
eng
080
_2
9th
_a
311
082
_a
311
100
_a
54
101
_a
STA
245
_a
Introductory Statistics
_c
Weiss,N.A
942
_2
udc
_c
BK
999
_c
58303
_d
58303